Prognostická štatistika zbierka príkladov

Na minha lista:
Detalhes bibliográficos
Autor principal: Füleová, Erika
Autor Corporativo: Vysoká škola ekonomická v Bratislave. Fakulta riadenia
Formato: Livro
Idioma:eslovaco
Publicado em: Bratislava Vysoká škola ekonomická 1986
Tags: Adicionar Tag
Sem tags, seja o primeiro a adicionar uma tag!

MARC

LEADER 00000nam a2200000 4500
001 c105750
005 20190107135145.4
041 0 |a slo 
044 |a SK 
245 1 0 |a Prognostická štatistika  |b zbierka príkladov  |c Erika Füleová 
264 1 |a Bratislava  |b Vysoká škola ekonomická  |c 1986 
300 |a 174 s. 
100 1 |a Füleová, Erika 
710 2 |a Vysoká škola ekonomická v Bratislave. Fakulta riadenia